STD Codes & PIN Codes in India (Record no. 503042)

000 -LEADER
fixed length control field 00366cam a22001217a 4500
008 - FIXED-LENGTH DATA ELEMENTS--GENERAL INFORMATION
fixed length control field 180718b2004 xxu||||| |||| 00| 0 eng d
082 ## - DEWEY DECIMAL CLASSIFICATION NUMBER
Classification number A2:W71 Am13
245 ## - TITLE STATEMENT
Title STD Codes & PIN Codes in India
Statement of responsibility, etc. By Amarjit
260 ## - PUBLICATION, DISTRIBUTION, ETC.
Place of publication, distribution, etc. Ludhiana
Name of publisher, distributor, etc. Amarjit Directory
Date of publication, distribution, etc. 2004
300 ## - PHYSICAL DESCRIPTION
Extent 416p.
650 ## - SUBJECT ADDED ENTRY--TOPICAL TERM
Topical term or geographic name entry element STD code -- India -- Directories
650 ## - SUBJECT ADDED ENTRY--TOPICAL TERM
Topical term or geographic name entry element Zip code -- India -- Directories
Holdings
Withdrawn status Lost status Damaged status Not for loan Permanent Location Current Location Date acquired Full call number Barcode Date last seen Price effective from Koha item type
        Indian Institute of Public Administration Indian Institute of Public Administration 2018-08-04 A2:W71 Am13 GR19450 2018-08-04 2018-08-04 GR

Powered by Koha